000 00932nam a22002417a 4500
999 _c1050
_d1050
003 AR-CdUCM
008 190226b ||||| |||| 00| 0 spa d
040 _aMUNICIPALIDAD PROVINCIAL DEL CUSCO
_cBIBLIOTECA MUNICIPAL DEL CUSCO
082 _a960 /
_bJ16
100 _aJahn, Janheinz
_94102
245 _aMuntu :
_bLas Culturas Neoafricanas /
260 _aMéxico :
_bFondo de Cultura Económica ;
_c1963.
300 _a348 páginas
_bfotografías
_c16cm
440 _aTiempo Presente
_n44
_94103
505 _aVudú. La materialización de los dioses -- Rumba. El significado de las danzas -- Ntu. La filosofía africana -- Nommo. El poder mágico de la palabra -- Kuntu. La inmutabilidad del estilo
650 _acultura africana
_94104
650 _asantería
_94105
650 _atradición
_92335
650 _acategorías
_94106
650 _aespacio y tiempo
_94107
942 _2ddc
_cLIBROS
945 _anom
_d2019-02-26